Trnava.

Zobrazenie: V bielom orámovaní, pohľad na Evanjelický dom z rohu, sprava. Vľavo na snímke pamätník M. R. Štefánika, na okraji parku. Za budovou vidno vežu Evanjelického kostola

Bibliographic Details
Format: Postcard
Language:Slovak
PhysicalDescription:1 pohľadnica čiernobiela 9 x 15 cm
Published: [Slovensko?] [vydavateľ neznámy] [1938?]
Subjects:

MARC

LEADER 00000nkm a2200000 a 4500
001 vtls011768357
003 SK-MaSNL
005 20260512123535.0
007 kp bo
008 230706q1938 xo g kuslo
015 |a SNBG1938 
035 |a urn:nbn:sk:snk-km00dnzv 
035 |a urn:nbn:sk:snk-km3lz9v 
035 |a 7A23951A-C031-4A35-B04B-43F54377A75D 
040 |a SNK  |b slo  |c SNK  |e AACR2 
041 0 |a slo 
043 |a e-xo--- 
044 |a xo  |c SK 
072 7 |a 913  |x Regionálna geografia  |2 konspekt 
072 7 |a 72  |x Architektúra  |2 konspekt 
072 7 |a 712  |x Plánovanie krajiny. Parky. Záhrady  |2 konspekt 
080 |a 913(437.6)  |2 2011 
080 |a 726:27-523.42  |2 2011 
080 |a (084.121)  |2 2011 
080 |a 726.9  |2 2011 
080 |a 712.253  |2 2011 
080 |a 725.945  |2 2011 
245 0 0 |a Trnava.  |h grafika 
260 |a [Slovensko?]  |b [vydavateľ neznámy]  |c [1938?] 
300 |a 1 pohľadnica  |b čiernobiela  |c 9 x 15 cm 
520 8 |a Zobrazenie: V bielom orámovaní, pohľad na Evanjelický dom z rohu, sprava. Vľavo na snímke pamätník M. R. Štefánika, na okraji parku. Za budovou vidno vežu Evanjelického kostola 
600 1 7 |a Štefánik, Milan Rastislav,  |d 1880-1919  |2 SNKMA  |9 86219 
650 0 7 |a kostoly  |2 SNKPH  |9 3023 
650 0 7 |a cirkevné budovy  |2 SNKPH  |9 29770 
650 0 7 |a parky  |2 SNKPH  |9 2942 
650 0 7 |a pamätníky  |2 SNKPH  |9 25601 
651 7 |a Trnava (Slovensko)  |2 SNKPHgeo  |9 19407 
655 7 |a miestne pohľadnice  |2 SNKPH  |9 70510 
852 |a Slovenská národná knižnica 
958 |a GBN 
958 |a GC 
958 |a ONDV 
999 |c 770673  |d 772603 
952 |a SNK  |b SNK  |y PREZ  |7 0  |p 17A1293372  |o snkSP 61838  |z Pohľadnica prešla poštou.  |0 0  |1 0  |4 0  |d 2018-07-23  |f 1  |l 0  |r 2026-02-24 00:33:40  |w 2026-02-24